000 00387nam a2200157Ia 4500
003 Ost
005 20260225132550.0
008 260225s9999||||xx |||||||||||||| ||und||
040 _cfsic
041 _afre
082 _a440
100 _aLarry Diamond
_eAuteur
245 0 _aLes pays en développement et l'axpérience de la démocratie /
245 0 _cLarry Diamond
942 _cكتاب
999 _c34096
_d34096